Eastern Utah Libraries Catalog: Duchesne, Heber, Roosevelt, & Vernal

The night ends with fire / (Record no. 413220)

MARC details
000 -LEADER
fixed length control field 02855aam a2200469 i 4500
001 - CONTROL NUMBER
control field 2023046630
003 - CONTROL NUMBER IDENTIFIER
control field DLC
005 - DATE AND TIME OF LATEST TRANSACTION
control field 20251103171610.0
008 - FIXED-LENGTH DATA ELEMENTS--GENERAL INFORMATION
fixed length control field 231122s2024 nyub 000 1 eng d
010 ## - LIBRARY OF CONGRESS CONTROL NUMBER
LC control number 2023046630
020 ## - INTERNATIONAL STANDARD BOOK NUMBER
International Standard Book Number 9780593815724
Qualifying information (hardcover)
020 ## - INTERNATIONAL STANDARD BOOK NUMBER
International Standard Book Number 9780593641538
Qualifying information (paperback)
020 ## - INTERNATIONAL STANDARD BOOK NUMBER
International Standard Book Number 0593815726
Qualifying information (hardcover)
035 ## - SYSTEM CONTROL NUMBER
System control number (OCoLC)1402200972
040 ## - CATALOGING SOURCE
Original cataloging agency DLC
Language of cataloging eng
Description conventions rda
Transcribing agency DLC
Modifying agency TnLvILS
042 ## - AUTHENTICATION CODE
Authentication code pcc
092 ## - LOCALLY ASSIGNED DEWEY CALL NUMBER (OCLC)
Classification number fiction
Item number Song, K. X.
100 1# - MAIN ENTRY--PERSONAL NAME
Personal name Song, K. X.,
Relator term author.
9 (RLIN) 6490945
245 14 - TITLE STATEMENT
Title The night ends with fire /
Statement of responsibility, etc K.X. Song.
264 #1 - Production, Publication, Distribution, Manufacture, and Copyright Notice.
Place of production, publication, distribution, manufacture New York :
Name of producer, publisher, distributor, manufacturer Ace,
Date of production, publication, distribution, manufacture, or copyr [2024]
300 ## - PHYSICAL DESCRIPTION
Extent 419 pages :
Other physical details map ;
Dimensions 24 cm.
336 ## - Content Type
Content type term text
336 ## - Content Type
Content type term still image
337 ## - Media type
Media type term unmediated
338 ## - Carrier type
Carrier type term volume
490 0# - SERIES STATEMENT
Series statement The Dragon Spirit ;
Volume number/sequential designation 1
520 ## - SUMMARY, ETC.
Summary, etc "Infused with magic and romance, this sweeping fantasy adventure inspired by the legend of Mulan follows a young woman determined to choose her own destiny-even if that means going against everyone she loves. The Three Kingdoms are at war, but Meilin's father refuses to answer the imperial draft. Trapped by his opium addiction, he plans to sell Meilin for her dowry. But when Meilin discovers her husband-to-be is another violent, ill-tempered man, she realizes that nothing will change for her unless she takes matters into her own hands. The very next day, she disguises herself as a boy and enlists in her father's place. In the army, Meilin's relentless hard work brings her recognition, friendship-and a growing closeness with Sky, a prince turned training partner. But has she simply exchanged one prison for another? As her kingdom barrels toward destruction, Meilin begins to have visions of a sea dragon spirit that offers her true power and freedom, but with a deadly price. With the future of the Three Kingdoms hanging in the balance, Meilin will need to decide whom to trust-Sky, who inspires her loyalty and love; the sea dragon spirit, who has his own murky agenda; or an infuriating enemy prince who makes her question everything she once knew-about her kingdom and about her own heart"--
650 #0 - SUBJECT ADDED ENTRY--TOPICAL TERM
Topical term or geographic name as entry element Fathers and daughters
Form subdivision Fiction.
9 (RLIN) 5673846
650 #0 - SUBJECT ADDED ENTRY--TOPICAL TERM
Topical term or geographic name as entry element Abused children
Form subdivision Fiction.
9 (RLIN) 5675743
650 #0 - SUBJECT ADDED ENTRY--TOPICAL TERM
Topical term or geographic name as entry element Adult child abuse victims
Form subdivision Fiction.
9 (RLIN) 5686019
650 #0 - SUBJECT ADDED ENTRY--TOPICAL TERM
Topical term or geographic name as entry element Drug addicts
General subdivision Family
Form subdivision Fiction.
9 (RLIN) 6555004
650 #0 - SUBJECT ADDED ENTRY--TOPICAL TERM
Topical term or geographic name as entry element Opium abuse
Form subdivision Fiction.
9 (RLIN) 6555005
650 #0 - SUBJECT ADDED ENTRY--TOPICAL TERM
Topical term or geographic name as entry element Princes
Form subdivision Fiction.
9 (RLIN) 5678712
650 #0 - SUBJECT ADDED ENTRY--TOPICAL TERM
Topical term or geographic name as entry element Man-woman relationships
Form subdivision Fiction.
9 (RLIN) 5674079
650 #0 - SUBJECT ADDED ENTRY--TOPICAL TERM
Topical term or geographic name as entry element Dragons
Form subdivision Fiction.
9 (RLIN) 5673926
650 #0 - SUBJECT ADDED ENTRY--TOPICAL TERM
Topical term or geographic name as entry element Imaginary wars and battles
Form subdivision Fiction.
9 (RLIN) 5673973
650 #0 - SUBJECT ADDED ENTRY--TOPICAL TERM
Topical term or geographic name as entry element Imaginary places
Form subdivision Fiction.
9 (RLIN) 5676147
655 #7 - INDEX TERM--GENRE/FORM
Genre/form data or focus term Fantasy fiction.
Source of term lcgft.
655 #7 - INDEX TERM--GENRE/FORM
Genre/form data or focus term Romance fiction.
Source of term lcgft.
655 #7 - INDEX TERM--GENRE/FORM
Genre/form data or focus term Novels.
Source of term lcgft.
942 ## - ADDED ENTRY ELEMENTS (KOHA)
Source of classification or shelving scheme Dewey Decimal Classification
Koha item type BOOK
Holdings
Withdrawn status Lost status Source of classification or shelving scheme Damaged status Not for loan Collection code Home library Current library Shelving location Date acquired Source of acquisition Serial Enumeration / chronology Total Checkouts Total Renewals Full call number Barcode Date last seen Date checked out Cost, replacement price Price effective from Koha item type
    Dewey Decimal Classification     Fiction Wasatch County Library Wasatch County Library First Floor 11/04/2025 Ingram #1 Dragon Spirit 4 2 F Song 34301002104281 03/04/2026 02/10/2026 19.00 11/04/2025 BOOK
This project was made possible through a grant from the Institute of Museum and Library Service administered by the Utah State Library Division.

Wasatch County Library

  • 465 East 1200 South, Heber City, Utah 84032
  • Phone 435-654-1511 | Fax 435-654-6456

Hours

  • Monday - Friday 9:30 AM - 8:00 PM
  • Saturday 9:30 AM - 1:30 PM
  • Closed Sundays and Holidays